000 01213cam a22003377a 4500
003 CHAP
005 20220329142653.0
008 020910d2002 mx r 00110 spa d
010 _a86277
011 _a87249
035 _a97792
040 _cCHAP
090 _aTesis
100 0 0 _aZavala Galindo, Fernando.
_9123778
245 1 0 _aTendencias y perpectivas de la disiplina y la convivencia universitaria en el modelo educativo de la Universidad Autónoma Chapingo
_c/por Fernando Zavala Galindo
260 _aChapingo, Méx. :
_bEl autor,
_c2002.
300 _a193 h. ;
_bgráfs.
502 _aTesis (Ing. Agr. Esp. en Sociología Rural) -- UACH. Departamento de Sociología Rural
590 _aALEPH
_b10
_c20130110
_lUCH01
_h1449
590 _aBATCH-UPD
_b10
_c20130110
_lUCH01
_h1718
590 _aCONVERSION
_b10
_c20130109
_lUCH01
_h1348
650 1 4 _aDisciplina escolar.
_932710
650 1 4 _aENA
_xHistoria.
_936672
650 1 4 _aUACH
_xEstudiantes.
_9115802
650 1 4 _aUACH
_xHistoria.
_9115803
901 _aBK
905 _aMayto Villalobos S.
942 _cFOLL
949 _aTesis
_bBC
_cTES
_d33724000877601
_eTS2
_fc.2
_h39962
_i97792
_si
949 _aTesis
_bBC
_cTES
_d97792123
_eTS1
_h39961
_i97792
_sb
999 _c86277
_d86277